Quizzes
Events
Quiz Creation
Community
Videos
Private Events
Remove Ads
Sign In
Join for FREE
Feedback
Dark Mode
Quiz Categories
Sports
Geography
Music
Movies
Television
Just For Fun
Miscellaneous
History
Literature
Language
Science
Gaming
Entertainment
Religion
Holiday
For Kids
Quiz Lab
Recent
Popular Today
Quiz Kudos Today
Editor Picks
Curator Picks
Quizzes by...
Day
Popularity
Type
Ratings
Length
Year
Community
Subscriptions
Recent Discussions
Orange Saloon
Badges
Playlists
Quests
Create
Leaderboards
Showdown
Live 5
Trivia Bingo
Activity
Puzzle Library
Sporcle Events
Private Events
Virtual Trivia
Globe League
Become a Host
Pub Owners
SporcleCon
Opinionation
Our Games
Videos
Blog
Mobile Apps
Partnerships
Remove Ads and Go Orange
Feedback
Music
Pop Music
The Beatles
Song
Album
Lyrics
Bands
Singers
Artist
Clip
Rock
Rap
Classical
Billboard
Country Music
Kpop
Taylor Swift
Music
Pop Music
The Beatles
Song
Album
Lyrics
Bands
Singers
Artist
Clip
Rock
Rap
Classical
Billboard
Country Music
Kpop
Taylor Swift
Random Quiz
Search Sporcle
×
Quiz Lab
Quiz Lab
Music
Song
Type in answers that appear in a list
Type in answers that appear in a list
Classic
Best Score? Go Orange.
Best Wedding Songs From 2017 Stats
Can you guess the best wedding songs of 2017? (according to Brides.com)
By
Crazybirdman
8m
47 Questions
23 Plays
23 Plays
23 Plays
Comments
Comments
Give Quiz Kudos
Give Quiz Kudos
-
- Ratings
hide this ad
Replay
Link that replays current quiz
Next Quiz
Link to next quiz in quiz playlist
You Got
0%
They Got
Avg Score
15%
Avg Friend Score
Upgrade to see
Score Distribution
Jump to the score distribution portion of the page
Score
0/47
Timer
08:00
0
Plays Today
Category
Song Title
% Correct
Top Wedding Reception Songs
Despacito
78.3%
Best Songs for the First Dance
Perfect
73.9%
Top Wedding Reception Songs
Shape of You
69.6%
Top Wedding Reception Songs
Feel It Still
65.2%
Top Wedding Reception Songs
Slow Hands
52.2%
Top Wedding Reception Songs
Havana
47.8%
Top Wedding Reception Songs
Thunder
47.8%
Top Wedding Reception Songs
I'm the One
39.1%
Top Wedding Reception Songs
Meant to Be
34.8%
Top Wedding Reception Songs
Sorry Not Sorry
34.8%
Top Wedding Reception Songs
Feels
30.4%
Top Wedding Reception Songs
Castle on the Hill
26.1%
Top Wedding Reception Songs
Something Just Like This
21.7%
Top Wedding Reception Songs
Body Like a Back Road
21.7%
Top Wedding Reception Songs
Cut To The Feeling
17.4%
Best Songs for the First Dance
Heaven
17.4%
Top Wedding Reception Songs
Slide
13%
Top Wedding Reception Songs
Legends
13%
Best Songs for the First Dance
Best Part
13%
Best Songs for the First Dance
Yours
8.7%
Best Songs for the First Dance
L-O-V-E
8.7%
Top Wedding Reception Songs
Love on the Weekend
4.3%
Finest Father-
Daughter Dance Songs
Today
4.3%
Top Wedding Reception Songs
Kiss You While I Can
0%
Category
Song Title
% Correct
Top Wedding Reception Songs
All I Can Think About Is You
0%
Top Wedding Reception Songs
Dance
0%
Best Songs for the First Dance
You're Gonna Live Forever in Me
0%
Best Songs for the First Dance
Japanese Denim
0%
Best Songs for the First Dance
My Forever
0%
Best Songs for the First Dance
Meaning Again
0%
Best Songs for the First Dance
I'm Confessin' (That I Love You)
0%
Best Songs for the First Dance
Hold a Candle
0%
Best Songs for the First Dance
Loved By You
0%
Best Songs for the First Dance
Grow Old With Me
0%
Best Songs for the First Dance
Make Me Better
0%
Best Songs for the First Dance
She Moves In Her Own Way (Acoustic Version)
0%
Best Songs for the First Dance
Home
0%
Best Songs for the First Dance
God Only Knows
0%
Best Songs for the First Dance
Sweetheart
0%
Best Songs for the First Dance
Love Someone
0%
Best Songs for the First Dance
Beautiful Believer
0%
Best Songs for the First Dance
Another Night With You
0%
Finest Father-
Daughter Dance Songs
You Better Believe
0%
Finest Father-
Daughter Dance Songs
Stand by Me
0%
Finest Father-
Daughter Dance Songs
Proud
0%
Finest Father-
Daughter Dance Songs
My Old Man
0%
Finest Father-
Daughter Dance Songs
The Wonder Of You
0%
Quiz Playlist
Details
Report
Send in Message
Add To Playlist
Classic:
Type in answers that appear in a list
Quiz Source
Last Updated: Feb 19, 2019
Quiz Scoreboard
CHALLENGE
Sign Up to Join the Scoreboard
Show All
Scores
Hide
Comments
May contain spoilers
Recently Published
An Introduction to Baseball
by treessimontrees
Sports
5m
Movies - When Are They Set?
by FPL_Elf
Movies
5m
Popular People in 1961
by mucciniale
History
6m
More to Explore
Quiz From the Vault
Featured Blog Post
Where Did the Easter Bunny Come From?
hide this ad
You Might Also Like...
Tags
Song Quiz
dance
Requested
Wedding
Today's Top Quizzes in Music
Browse Music
hide this ad
Today's Top Quizzes in Song
Browse Song
Top Contributed Quizzes in Music
1
Taylor Swift All Songs (2024)
2
Guess the Artist- 70s Songs
3
KPOP LOGIC QUIZ
4
One Thing in Common: Music
5
2010s Album by Cover III
6
Guess the Taylor Swift song (Mystery Song)
7
Taylor Swift Logic Puzzle
8
2010s Album by Cover IV
9
2010s Album by Cover V
10
Kpop Logic Quiz
Explore More
Trending Topics
Marvel
Kpop
Disney
Crossword
NBA
Anime
Harry Potter
Puzzle
Song
Country
WWE
The Office
Soccer
NFL
Pokémon
hide this ad
More By:
Crazybirdman
Quiz
Plays
Rating
Category
Featured
Created
Cartoon Crossovers
19,705
4.68
Entertainment
Sep 8, 2020
Quick Pick: Real Coaches
18,497
4.53
Just For Fun
Mar 11, 2020
5 to 1: Gaming Consoles by Decade
9,518
4.50
Gaming
Dec 21, 2018
Match: Book Character & Film They Were Left Out Of
5,172
4.59
Literature
Sep 13, 2019
Quick Pick: Real Pirates
4,645
4.69
Just For Fun
Aug 30, 2019
Go to Creator's Profile
Score Distribution
Quiz Creator Spotlight
Crazybirdman
Follow
Send a Message
Quizzes Created
-
Created Quiz Play Count
-
More By This Creator
Popular Quizzes Today
1
Find the Countries of Europe - No Outlines Minefield
2
Find the US States - No Outlines Minefield
3
The Countries of the World
4
Popular People in 1961
5
US States
6
Find the US States
7
1-10 Letter E Words III
8
Risky Map Clicking: Biggest States A-Z
More Music Quizzes
#1 Singles Of 2016
Editor's Pick
Trending Quizzes
Risky Map Clicking: Least Populous States A-Z
1-10 Letter F Words
1-10 Letter G Words
Not Quite an Element Typing Challenge
One Thing in Common: United Kingdom
Recently Updated
Leaping Animals
pecheneg
Reality TV Shows (A-Z)
bhenderson79
Rickey Henderson's Hall of Fame Teammates
pecheneg
Champions League XIs: Arsenal
pecheneg
Quick Pick: Celebrities in WWE's Hall of Fame
aduchscher
A-Z Keypad Blitz II
pecheneg
Multiple Oscar Actors
pecheneg
Mystery Phrase Blitz: Oscar 'Best Actors'
pecheneg
F. Scott Fitzgerald Novels
LTH
Pick 3 Villains
ddd62291
Trending Topics
Anime
Marvel
Kpop
NBA
Crossword
Disney
Harry Potter
The Office
Song
Pokémon
NFL
Country
Soccer
WWE
Puzzle
Your Account Isn't Verified!
In order to create a playlist on Sporcle, you need to verify the email address you used during registration. Go to your
Sporcle Settings
to finish the process.
Report this User
Report this user for behavior that violates our
Community Guidelines
.
Details:
Send Report
Go to the Sporcle.com Mobile Site →
Comments